Normal view
MARC view
- Chari, M. V.K.
Entry Personal Name
001 - CONTROL NUMBER
- control field: 8844
003 - CONTROL NUMBER IDENTIFIER
- control field: NUST
005 - DATE AND TIME OF LATEST TRANSACTION
- control field: 20180118152348.0
008 - FIXED-LENGTH DATA ELEMENTS
- fixed length control field: 180118|| aca||aabn | a|a d
040 ## - CATALOGING SOURCE
- Original cataloging agency: NUST
- Transcribing agency: NUST
100 ## - HEADING--PERSONAL NAME
- Personal name: Chari, M. V.K.
670 ## - SOURCE DATA FOUND
- Source citation: Work cat.: (NUST)29208: Salon, Sheppard. 8843, Numerical methods in electromagnetism /, 2000
